[Event "Sozina Open"]
[Site "Bar SCG"]
[Date "2005.03.04"]
[Round "1"]
[White "Vuckovic,Bo"]
[Black "Lapcevic,M"]
[Result "1-0"]
[WhiteElo "2525"]
[BlackElo "2229"]

1.e4 c5 2.Nf3 e6 3.d4 cxd4 4.Nxd4 Nc6 5.Nc3 Qc7 6.Be3 a6 7.Qd2 Nf6 8.O-O-O Bb4
9.f3 Ne5 10.Nb3 b5 11.Qe1 Bxc3 12.Qxc3 Qxc3 13.bxc3 Nc6 14.c4 bxc4 15.Bxc4 d5
16.exd5 Ne5 17.Na5 Nxc4 18.Nxc4 exd5 19.Nd6+ Ke7 20.Bc5 Be6 21.f4 Kd7 22.f5 Kc6
23.Ba3 Bd7 24.Rhe1 Rhf8 25.c4 dxc4 26.Rd4 a5 27.Re5  1-0

[Event "ch-RUS u20"]
[Site "Nojabrsk RUS"]
[Date "2005.03.04"]
[Round "3"]
[White "Kurnosov,I"]
[Black "Alekseev,Evgeny"]
[Result "1/2-1/2"]
[WhiteElo "2538"]
[BlackElo "2605"]

1.e4 c5 2.Nf3 e6 3.d4 cxd4 4.Nxd4 Nc6 5.Nc3 d6 6.Be3 Nf6 7.Qe2 Be7 8.O-O-O O-O
9.f4 Nxd4 10.Bxd4 Nd7 11.e5 dxe5 12.fxe5 Qa5 13.Qe4 Nc5 14.Qg4 b5 15.Kb1 b4
16.Ne4 Nxe4 17.Qxe4 Ba6 18.Bd3 Bxd3 19.Rxd3 Rad8 20.Rf1 Bc5 21.Rh3 h6 22.Rxh6 gxh6
23.Qg4+ Kh7 24.Qe4+ Kg8  1/2-1/2

[Event "ch-RUS u20g"]
[Site "Nojabrsk RUS"]
[Date "2005.03.04"]
[Round "3"]
[White "Pogonina,N"]
[Black "Vasilevich,I"]
[Result "0-1"]
[WhiteElo "2362"]
[BlackElo "2292"]

1.e4 c5 2.Nf3 e6 3.d4 cxd4 4.Nxd4 Nc6 5.Nc3 Qc7 6.Be2 a6 7.O-O Nf6 8.Be3 Be7
9.f4 d6 10.Qe1 O-O 11.Qg3 Nxd4 12.Bxd4 b5 13.a3 Bb7 14.Rae1 Bc6 15.Bd3 g6
16.f5 e5 17.Be3 Kh8 18.Bh6 Rg8 19.Bg5 gxf5 20.Rxf5 Nh5 21.Qh4 Rxg5 22.Rxg5 Nf4
23.Qh6 Bxg5 24.Qxg5 Nh3+ 25.gxh3 Rg8 26.Qxg8+ Kxg8 27.Kf1 f5 28.Re2 fxe4
29.Nxe4 Bxe4 30.Bxe4 Qc4 31.b3 Qd4 32.Rg2+ Kh8 33.Bf5 e4 34.Ke2 Qe5 35.Bg4 h5
36.Bd7 d5  0-1

[Event "6th Karpov"]
[Site "Poikovsky RUS"]
[Date "2005.03.04"]
[Round "6"]
[White "Bacrot,E"]
[Black "Rublevsky,S"]
[Result "1/2-1/2"]
[WhiteElo "2715"]
[BlackElo "2650"]

1.e4 c5 2.Nf3 e6 3.d4 cxd4 4.Nxd4 Nc6 5.Nc3 a6 6.Nxc6 bxc6 7.Bd3 d5 8.O-O Qc7
9.Re1 Bb7 10.Qf3 Bd6 11.h4 Nf6 12.h5  1/2-1/2

[Event "Sozina Open"]
[Site "Bar SCG"]
[Date "2005.03.05"]
[Round "2"]
[White "Marinkovic,Sl"]
[Black "Dotlic,Z"]
[Result "1-0"]
[WhiteElo "2421"]
[BlackElo "2032"]

1.e4 c5 2.Nf3 e6 3.d4 cxd4 4.Nxd4 Nc6 5.Nc3 Qc7 6.g3 a6 7.Bg2 Nf6 8.O-O d6
9.Re1 Nxd4 10.Qxd4 e5 11.Qd3 Be7 12.a4 Be6 13.a5 Rc8 14.Be3 O-O 15.Rec1 Qc4
16.Qd2 Rfe8 17.Ra4 Qc7 18.Nd5 Bxd5 19.exd5 Nd7 20.c4 Nc5 21.Ra3 f5 22.b4 Nd7
23.c5 e4 24.c6 bxc6 25.dxc6 Ne5 26.Bb6 Qb8 27.Qd5+ Kh8 28.c7 Qa8 29.Qxa8 Rxa8
30.Rd1 Kg8 31.f3 exf3 32.Bxf3 Nxf3+ 33.Rxf3  1-0

[Event "ch-RUS u20"]
[Site "Nojabrsk RUS"]
[Date "2005.03.05"]
[Round "4"]
[White "Timofeev,Arty"]
[Black "Alekseev,Evgeny"]
[Result "1-0"]
[WhiteElo "2619"]
[BlackElo "2605"]

1.e4 c5 2.Nf3 Nc6 3.d4 cxd4 4.Nxd4 e6 5.Nc3 d6 6.Be3 Nf6 7.f3 Be7 8.Qd2 O-O
9.g4 a6 10.O-O-O Nxd4 11.Bxd4 b5 12.g5 Nd7 13.h4 b4 14.Ne2 a5 15.Kb1 Qc7
16.Ng3 d5 17.f4 dxe4 18.Bg2 Rd8 19.Bxe4 Bb7 20.Bxb7 Qxb7 21.f5 e5 22.Qe2 Bf8
23.Bf2 a4 24.Qe4 Qc7 25.f6 b3 26.fxg7 bxc2+ 27.Qxc2 Qxc2+ 28.Kxc2 Kxg7 29.Nf5+ Kg6
30.Nd6 h5 31.gxh6 f5 32.h5+ Kh7 33.Bh4 Nf6 34.Nxf5 Rac8+ 35.Kb1 Rxd1+ 36.Rxd1 Rc6
37.Bg5 a3 38.Rd8 Bc5 39.Rb8 Nxh5 40.b4 Rb6 41.Rxb6 Bxb6 42.Kc2 Nf4 43.Kb3 Kg6
44.Ne7+ Kh7 45.Kxa3 Bd8 46.Kb3 Ne6 47.Bf6 e4 48.Kc4 e3 49.Kd3 Nf4+ 50.Kxe3 Bxe7
51.Bxe7 Nd5+ 52.Kd4 Nxe7 53.Kc5  1-0

[Event "Sozina Open"]
[Site "Bar SCG"]
[Date "2005.03.06"]
[Round "3"]
[White "Fedorchuk,S"]
[Black "Vratonjic,S"]
[Result "1-0"]
[WhiteElo "2570"]
[BlackElo "2449"]

1.e4 c5 2.Nf3 e6 3.d4 cxd4 4.Nxd4 Nc6 5.Nc3 Qc7 6.Be2 Nf6 7.O-O Be7 8.Kh1 O-O
9.f4 d6 10.Be3 a6 11.Qe1 Nxd4 12.Bxd4 b5 13.a3 Bb7 14.Qg3 Bc6 15.Rae1 Rae8
16.Bf3 Rd8 17.Nd5 Bxd5 18.exd5 Qxc2 19.dxe6 fxe6 20.Qh3 e5 21.Qe6+ Rf7 22.fxe5 dxe5
23.Bxe5 Qc4 24.Qxc4 bxc4 25.Be2 Rc8 26.Rf4 Nd7 27.Rxf7 Kxf7 28.Bg4 Rd8 29.Bc7 Rc8
30.Ba5 Rc5 31.Bb4 a5 32.Be6+ Kf6 33.Bxc5 Nxc5 34.Bxc4 a4 35.g3 Bd6 36.Re3 Be5
37.b4 axb3 38.Bxb3 h5 39.a4 g5 40.a5 g4 41.Bc4 Bd4 42.a6  1-0

[Event "Sozina Open"]
[Site "Bar SCG"]
[Date "2005.03.06"]
[Round "3"]
[White "Mahesh Chandran,P"]
[Black "Damljanovic,B"]
[Result "1/2-1/2"]
[WhiteElo "2472"]
[BlackElo "2587"]

1.e4 c5 2.Nf3 e6 3.d4 cxd4 4.Nxd4 Nc6 5.Nc3 Qc7 6.Be3 a6 7.Be2 Nf6 8.O-O Be7
9.f4 d6 10.Kh1 O-O 11.a4 Bd7 12.Qe1 Rae8 13.Qg3 Kh8 14.Rae1 Nb4 15.e5 Nfd5
16.Nxd5 Nxd5 17.Bg1 f5 18.Nf3 Bxa4 19.c4 Nb4 20.Ng5 Bxg5 21.exd6 Qxd6 22.Qxg5 Nc6
23.Bh5 Re7 24.Re3 Bc2 25.c5 Qd8 26.Rh3 Rd7 27.Bg6 Qxg5 28.fxg5 h6 29.gxh6 Ne5
30.hxg7+ Kxg7 31.Bh5 Be4 32.Be3 Rh8 33.Rg3+ Kf8 34.Be2 Rdh7 35.Bd4 Rxh2+
36.Kg1 Rh1+ 37.Kf2 f4 38.Rg5 Rxf1+ 39.Bxf1 Nf7 40.Rg4 Rg8 41.Rxf4 Bd5 42.Bf6 Ke8
43.g3 e5 44.Rf5 Kd7 45.Bxe5 Nh6 46.Rf4 Ng4+ 47.Rxg4 Rxg4 48.Bh3 Be6 49.Bxg4 Bxg4
50.Ke3 Ke6 51.Kf4  1/2-1/2

[Event "TCh-BEL 2004-5"]
[Site "Belgium BEL"]
[Date "2005.03.06"]
[Round "10"]
[White "Goloshchapov,A"]
[Black "Ooms,A"]
[Result "0-1"]
[WhiteElo "2547"]
[BlackElo "2195"]

1.e4 c5 2.Nf3 e6 3.d4 cxd4 4.Nxd4 Nc6 5.Nc3 Qc7 6.Be3 a6 7.Qd2 Nf6 8.O-O-O d6
9.f3 h5 10.Bg5 Be7 11.f4 Bd7 12.Nf3 b5 13.e5 dxe5 14.fxe5 Ng4 15.Bxe7 Nxe7
16.Ne4 Nf5 17.h3 Nge3 18.Re1 Nd5 19.Bd3 h4 20.Rhf1 Bc6 21.Nfg5 O-O-O 22.Nd6+ Rxd6
23.exd6 Nxd6 24.Kb1 g6 25.Nf3 Ne7 26.Ne5 Nef5 27.Nxc6 Qxc6 28.Rf3 Kb7 29.Re5 Rc8
30.a4 Qb6 31.axb5 axb5 32.Rf4 Kc7 33.Rb4 Qg1+ 34.Re1 Qc5 35.c3 Ra8 36.Qf4 Kb6
37.Kc2 Ra5 38.Re2 Qg1 39.Rf2 Ra1  0-1

[Event "NWAPA Rector Cup"]
[Site "St Petersburg RUS"]
[Date "2005.03.06"]
[Round "4"]
[White "Papenin,N"]
[Black "Bets,A"]
[Result "1/2-1/2"]
[WhiteElo "2350"]
[BlackElo "2365"]

1.e4 c5 2.Nf3 Nc6 3.d4 cxd4 4.Nxd4 e6 5.Nc3 Qc7 6.Be3 a6 7.Be2 Bb4 8.O-O Nf6
9.Na4 Be7 10.Nxc6 bxc6 11.Nb6 Rb8 12.Nxc8 Qxc8 13.e5 Nd5 14.Bc1 Bc5 15.c4 Ne7
16.b3 Ng6 17.Bb2  1/2-1/2

[Event "Acropolis Women's GM Open"]
[Site "Athens GRE"]
[Date "2005.03.07"]
[Round "2"]
[White "Iordanidou,Z"]
[Black "Partac,E"]
[Result "0-1"]
[WhiteElo "2022"]
[BlackElo "2191"]

1.e4 c5 2.Nf3 e6 3.Nc3 Nc6 4.d4 cxd4 5.Nxd4 Nf6 6.Nxc6 bxc6 7.e5 Nd5 8.Ne4 Qa5+
9.c3 Ba6 10.Be2 Bxe2 11.Qxe2 f5 12.exf6 Nxf6 13.O-O Be7 14.Bf4 Nxe4 15.Qxe4 O-O
16.Rfd1 Qd8 17.Rd3 Rf7 18.Rad1 Bg5 19.Bg3 Kh8 20.Qb4 Qe8 21.Bd6 Rf5 22.a4 Rd5
23.Rxd5 exd5 24.Qg4 Qg6 25.Re1 Re8 26.Rxe8+ Qxe8 27.Kf1 Bc1 28.Qb4 h6 29.Bf4 a5
30.Qd6 Bxb2 31.Be5 Kh7 32.Bd4 Qe4 33.Qxd7 Qd3+ 34.Ke1 Bxc3+ 35.Bxc3 Qxc3+
36.Kf1 Qd3+ 37.Ke1 c5  0-1

[Event "Acropolis GM Open"]
[Site "Athens GRE"]
[Date "2005.03.07"]
[Round "2"]
[White "Kotronias,V"]
[Black "Obodchuk,A"]
[Result "1-0"]
[WhiteElo "2585"]
[BlackElo "2442"]

1.e4 c5 2.Nf3 e6 3.d4 cxd4 4.Nxd4 Nc6 5.Nc3 Qc7 6.Be3 a6 7.Bd3 Nf6 8.O-O Nxd4
9.Bxd4 Bc5 10.Bxc5 Qxc5 11.Qd2 b5 12.Rae1 d6 13.Kh1 O-O 14.f4 e5 15.a4 Bd7
16.fxe5 Qxe5 17.axb5 axb5 18.Bxb5 Ng4 19.g3 Be6 20.Be2 Nf6 21.Qf4 Qc5 22.Rd1 Rfb8
23.Qxd6 Qxd6 24.Rxd6 Rxb2 25.Bd3 Bh3 26.Rc1 Kf8 27.Nd5 Ng4 28.Nf4 Nf2+ 29.Kg1 Nxd3
30.Rxd3 Bg4 31.h3 Bc8 32.Rd8+ Ke7 33.Rh8 Bb7 34.Rxh7 Bxe4 35.Rxg7 Bxc2 36.Rg5 f5
37.Rg7+ Kd6 38.Rg6+ Kd7 39.Re1 Be4 40.Rd1+ Ke8 41.h4 Kf7 42.Rgd6 Rb3 43.Kh2 Rb2+
44.Kg1 Rb3 45.Rd7+ Kf8 46.Ne6+ Kg8 47.Rg7+ Kh8 48.Rg5 Bf3 49.Rd2 Bg4 50.Kf2 Rg8
51.Nf4  1-0

[Event "Sozina Open"]
[Site "Bar SCG"]
[Date "2005.03.07"]
[Round "4"]
[White "Brajovic,R"]
[Black "Ivanovic,B"]
[Result "1/2-1/2"]
[WhiteElo "2278"]
[BlackElo "2428"]

1.e4 c5 2.Nf3 e6 3.d4 cxd4 4.Nxd4 Nc6 5.Nc3 d6 6.Be3 Nf6 7.Bc4 a6 8.Bb3 Be7
9.Rg1 O-O 10.g4 Qa5 11.Qf3 d5 12.Nxc6 bxc6 13.O-O-O  1/2-1/2

[Event "NWAPA Rector Cup"]
[Site "St Petersburg RUS"]
[Date "2005.03.07"]
[Round "6"]
[White "Melnikov,D"]
[Black "Lintchevski,D"]
[Result "1-0"]
[WhiteElo "2301"]
[BlackElo "2263"]

1.e4 c5 2.Nf3 e6 3.Nc3 Nc6 4.d4 cxd4 5.Nxd4 Nf6 6.Ndb5 d6 7.Bf4 e5 8.Bg5 a6
9.Na3 b5 10.Bxf6 gxf6 11.Nd5 f5 12.c3 Bg7 13.exf5 Bxf5 14.Nc2 O-O 15.Nce3 Be6
16.a4 b4 17.Bc4 bxc3 18.bxc3 Kh8 19.O-O f5 20.Nb6 Bxc4 21.Nexc4 Rb8 22.Rb1 Rf6
23.Nd5 Rg6 24.Rxb8 Nxb8 25.Qh5 Qf8 26.Rb1 Nd7 27.Rb7 Nc5 28.Re7 Ne4 29.Ncb6 Qg8
30.Qxf5 Bf8 31.Qxe4 Bxe7 32.Nxe7 Rg4 33.Qf3 e4 34.Qf6+ Qg7 35.Qxg7+ Rxg7
36.Ned5 Kg8 37.Nf6+ Kf7 38.Nxe4 Ke6 39.c4 Ke5 40.f3 h5 41.a5 h4 42.Kf2 Rg6
43.Nc8 h3 44.gxh3  1-0

[Event "Acropolis GM Open"]
[Site "Athens GRE"]
[Date "2005.03.08"]
[Round "3"]
[White "Pelletier,Y"]
[Black "Halkias,S"]
[Result "1/2-1/2"]
[WhiteElo "2604"]
[BlackElo "2533"]

1.e4 c5 2.Nf3 e6 3.Nc3 Nc6 4.d4 cxd4 5.Nxd4 Nf6 6.Ndb5 d6 7.Bf4 e5 8.Bg5 a6
9.Na3 b5 10.Bxf6 gxf6 11.Nd5 Bg7 12.Bd3 Ne7 13.Nxe7 Qxe7 14.Qf3 O-O 15.O-O f5
16.c4 f4 17.cxb5 Qg5 18.Bc4 Kh8 19.Rfd1 f5 20.Bd5 fxe4 21.Bxe4 Bg4 22.Qb3 Bxd1
23.Rxd1 f3 24.Bxf3 Rab8 25.Be4 d5 26.Rxd5 Rxf2 27.Qh3 Rxg2+ 28.Bxg2 Qc1+
29.Bf1 Bh6 30.Nc4 Rg8+ 31.Kh1 Rf8 32.Kg1 Rg8+ 33.Kh1 Rf8 34.Kg1  1/2-1/2

[Event "Sozina Open"]
[Site "Bar SCG"]
[Date "2005.03.08"]
[Round "5"]
[White "Predojevic,B"]
[Black "Vratonjic,S"]
[Result "1/2-1/2"]
[WhiteElo "2546"]
[BlackElo "2449"]

1.e4 c5 2.Nf3 e6 3.d4 cxd4 4.Nxd4 Nc6 5.Nc3 Qc7 6.Be2 Nf6 7.Be3 Be7 8.f4 d6
9.g4 d5 10.e5 Nd7 11.h4 a6 12.Qd2 Nxd4 13.Bxd4 b5 14.Bd3 Nc5 15.a3 Bb7 16.Qe3 h5
17.g5 g6 18.b4 Ne4 19.Nxe4 dxe4 20.Bxe4 Bxe4 21.Qxe4 O-O 22.O-O Rad8 23.c3 Rd7
24.Qe2 Qc6 25.Rad1 Rfd8 26.Rd2  1/2-1/2

[Event "FSGM March"]
[Site "Budapest HUN"]
[Date "2005.03.08"]
[Round "4"]
[White "Fogarasi,T"]
[Black "Kuljasevic,D"]
[Result "1-0"]
[WhiteElo "2442"]
[BlackElo "2401"]

1.e4 c5 2.Nf3 Nc6 3.Nc3 e6 4.d4 cxd4 5.Nxd4 Nf6 6.a3 d6 7.Be2 Be7 8.O-O O-O
9.Be3 a6 10.f4 e5 11.fxe5 Nxe5 12.Nf5 Bxf5 13.Rxf5 Rc8 14.Kh1 Qd7 15.Rf4 Qe6
16.Bd4 Rfe8 17.a4 Rcd8 18.Bb6 Rc8 19.Bd4 Rcd8 20.Qf1 Rc8 21.Rd1 Ng6 22.Rf2 Rf8
23.b3 Rxc3 24.Bxc3 Nxe4 25.Rf3 d5 26.Bd4 Nh4 27.Rh3 Nf5 28.Bg1 g6 29.Bf3 Rd8
30.Bxe4 dxe4 31.Rxd8+ Bxd8 32.Qc4 Qe7 33.g4 b5 34.axb5 axb5 35.Qd5 Nd6 36.Bc5 Bc7
37.Re3 Qf6 38.Kg2 Qf4 39.h3 h6 40.Bd4 Kh7 41.Qa8 f6 42.Qf8 Nf5 43.gxf5 Qh2+
44.Kf1 Qh1+ 45.Ke2 Qg2+ 46.Kd1  1-0

[Event "Acropolis GM Open"]
[Site "Athens GRE"]
[Date "2005.03.09"]
[Round "4"]
[White "Tsanas,A"]
[Black "Komninos,N"]
[Result "1/2-1/2"]
[WhiteElo "2289"]
[BlackElo "2163"]

1.e4 c5 2.Nf3 e6 3.Nc3 Nc6 4.d4 cxd4 5.Nxd4 Qc7 6.g3 a6 7.Bg2 Nf6 8.O-O Bc5
9.Nxc6 dxc6 10.Na4 Ba7 11.c4 Nd7 12.b4 a5 13.b5 e5 14.Bb2 O-O 15.Ba3 Re8
16.Bd6 Qd8 17.bxc6 bxc6 18.c5 Ba6 19.Re1 Bb5 20.Rc1 Bb8 21.Nc3 Bxd6 22.Qxd6 Nf8
23.Nxb5 cxb5 24.Bh3 Qxd6 25.cxd6 Red8 26.Red1 Ne6 27.Bxe6 fxe6 28.Rc5 Rab8
29.Rxe5 Kf7 30.Rc5 Rdc8 31.Rdc1 Rxc5 32.Rxc5 a4 33.a3 b4 34.axb4 Rxb4 35.e5 g5
36.Rc7+ Kg6 37.Rc8 Rd4 38.Rf8 a3 39.Ra8 Kf5 40.Rxa3 Kxe5 41.Ra7 Rxd6 42.Rxh7 Kf5
43.Kg2 g4 44.Rh5+ Kg6 45.Re5 Kf6 46.Re2 Rd3 47.h3 gxh3+ 48.Kxh3 e5 49.Kg4 Ra3
50.Re3 Ra2 51.Rf3+ Kg6 52.Rf8 Kg7 53.Rf5 Kg6 54.Rf8 Kg7 55.Rf3 Kg6 56.Kh4 Rb2
57.Kh3 Ra2 58.Kg2 Rb2 59.Rc3 Kf5 60.Kf3 Rb4 61.Re3 Rb5 62.g4+ Kg5 63.Kg3 Kg6
64.f3 Ra5 65.Rb3 Rc5 66.Rb6+ Kf7 67.Kf2 Rc3 68.Ke2 Ra3 69.Rd6 Rb3 70.Rd3 Rb2+
71.Ke3 Rb4 72.Rd6 Ra4 73.Rc6 Rb4 74.Kd3 Rf4 75.Ke3 Rb4 76.Kf2 Rb3 77.Rc4 Ra3
78.Kg3 Rb3 79.g5 Kg6 80.Kg4 Rb6 81.Re4 Rb5 82.Ra4 Rb6 83.Ra5 Rb4+ 84.Kg3 Kxg5
85.Rxe5+ Kf6 86.Ra5 Rc4 87.Kf2 Rb4 88.Rc5 Ra4 89.Ke3 Ra3+ 90.Kf4 Ra4+ 91.Kg3 Rb4
92.Rd5 Ke6 93.Rg5 Kf6 94.Ra5 Rc4 95.Ra6+ Kf5 96.Ra8 Rb4 97.Rf8+ Kg6 98.Re8 Kf5
99.Ra8 Rc4 100.Ra5+ Kf6 101.f4 Rb4 102.Kg4 Rb6 103.Rh5 Rb4 104.Rh6+ Kg7 105.Ra6 Rb5
106.Kf3 Rc5 107.Ke4 Rb5 108.Rd6 Kf7 109.Kf3 Ra5 110.Kg4 Kg7 111.Rc6 Rb5 112.f5 Rb1
113.Kg5 Rg1+ 114.Kh5 Kf7 115.Kh6 Rg2 116.Rg6 Rh2+ 117.Kg5 Rg2+ 118.Kf4 Rxg6
119.fxg6+ Kxg6  1/2-1/2

[Event "Sozina Open"]
[Site "Bar SCG"]
[Date "2005.03.09"]
[Round "6"]
[White "Benderac,S"]
[Black "Arsovic,Z"]
[Result "0-1"]
[WhiteElo "2295"]
[BlackElo "2455"]

1.e4 c5 2.Nf3 e6 3.d4 cxd4 4.Nxd4 Nc6 5.Nc3 Qc7 6.Be2 a6 7.O-O Nf6 8.Kh1 Be7
9.f4 d6 10.Be3 O-O 11.Qe1 Nxd4 12.Bxd4 b5 13.a3 Nd7 14.Qg3 Bf6 15.Bxf6 Nxf6
16.Rae1 Bb7 17.Bd3 Nd7 18.f5 exf5 19.exf5 Nf6 20.Be4 Rad8 21.Bxb7 Qxb7 22.Qf4 d5
23.Qd4 Rfe8 24.Kg1 h6 25.Rxe8+ Rxe8 26.Rd1 Qd7 27.Qf4 a5 28.h3 Kh8 29.Qf3 Re5
30.Qf4 Qd6 31.Qd4 b4 32.axb4 axb4 33.Nb5 Qe7 34.Qf4 Re2 35.Nd4 Qe5 36.Kh1 Re4
37.Qd2 Nh5 38.Nb3 Qd6 39.Kg1 Qe5 40.Nd4 Nf4 41.Kh1 Ne2 42.Nxe2 Rxe2 43.Qd3 d4
44.Rf1 Kg8 45.b3 Re3 46.Qd2 Qe4 47.Rf2 Rxh3+ 48.Kg1 Re3 49.Kf1 d3 50.cxd3 Rxd3
51.Qc2 Qd5 52.f6 Rc3 53.Qd2 Qxb3 54.fxg7 Qb1+ 55.Ke2 Rc2  0-1

[Event "Sozina Open"]
[Site "Bar SCG"]
[Date "2005.03.09"]
[Round "6"]
[White "Krivokapic,M"]
[Black "Stojanovic,Da"]
[Result "1/2-1/2"]
[WhiteElo "2330"]
[BlackElo "2450"]

1.e4 c5 2.Nf3 Nc6 3.Nc3 e6 4.d4 cxd4 5.Nxd4 Qc7 6.Be2 a6 7.O-O Nf6 8.Kh1 Nxd4
9.Qxd4 Bc5 10.Qd3 b5 11.f4 Bb7 12.e5 Nd5 13.Bf3 Nxc3 14.Bxb7 Qxb7 15.Qxc3 Rc8
16.Qg3 g6 17.c3 d5 18.exd6 Bxd6 19.Be3 Bc5 20.Bxc5 Rxc5 21.Qe3 Rd5 22.a4 O-O
23.axb5 Qxb5 24.Rf2 Rfd8 25.h3 a5 26.Kh2 h5 27.Qe4 Qb6 28.Qe2 Qc6 29.c4 Rc5
30.b3 Qd6 31.Qe3 Rf5 32.Kg1 h4 33.Rc1 Qb4 34.c5 Rfd5 35.c6 Rc8  1/2-1/2

[Event "Sozina Open"]
[Site "Bar SCG"]
[Date "2005.03.10"]
[Round "7"]
[White "Perunovic,Mil"]
[Black "Vratonjic,S"]
[Result "1/2-1/2"]
[WhiteElo "2564"]
[BlackElo "2449"]

1.e4 c5 2.Nf3 e6 3.d4 cxd4 4.Nxd4 Nc6 5.Nc3 Qc7 6.f4 Nxd4 7.Qxd4 a6 8.Bd3 b5
9.Bd2 Bb7 10.b4 Ne7 11.Bxb5 Nc6 12.Bxc6 Qxc6 13.O-O a5 14.a3 f6 15.Kh1 Be7
16.Rad1 axb4 17.axb4 O-O 18.Bc1 Rfd8 19.b5 Qc7 20.Bb2 Rac8 21.Rd3 Bc5  1/2-1/2

[Event "Sozina Open"]
[Site "Bar SCG"]
[Date "2005.03.10"]
[Round "7"]
[White "Vuckovic,Bo"]
[Black "Ivanisevic,I"]
[Result "0-1"]
[WhiteElo "2525"]
[BlackElo "2530"]

1.e4 c5 2.Nf3 e6 3.d4 cxd4 4.Nxd4 Nc6 5.Nc3 Qc7 6.Be3 a6 7.Qd2 Nf6 8.O-O-O Bb4
9.f3 Ne5 10.Nb3 b5 11.Qe1 Be7 12.f4 Ng6 13.e5 Ng4 14.Ne4 O-O 15.Bc5 Bxc5
16.Nexc5 f6 17.h3 Nh6 18.Bd3 Nxf4 19.Bxh7+ Kxh7 20.Qe4+ Kg8 21.Qxa8 fxe5
22.Rhe1 Nf5 23.g4 Nh4 24.Nxa6 Bxa6 25.Qxa6 Nhg2 26.Qxb5 Nxe1 27.Rxe1 Rc8
28.c3 d5 29.Kb1 e4 30.Qa6 e5 31.Qa5 Qb7 32.Qb4 Qxb4 33.cxb4 Nd3 34.Re3 Nxb4
35.Nd2 Nd3 36.a4 Rc1+ 37.Ka2 Rc2 38.Nxe4 dxe4 39.Rxe4 Rxb2+ 40.Ka3 Rb1 41.Re3 Ra1+
42.Kb3 Nc5+ 43.Kb4 Nxa4 44.Rxe5 Nb6 45.Re6 Nd7 46.Re3 Kh7 47.Kc4 Rd1 48.Kc3 Nf6
49.Kc2 Rd5 50.Rf3 Kh6 51.Re3 Kg5 52.Re7 Rd7 53.Re3 Kh4  0-1

[Event "ch-RUS u20g"]
[Site "Nojabrsk RUS"]
[Date "2005.03.10"]
[Round "9"]
[White "Fominykh,M"]
[Black "Kursova,M"]
[Result "0-1"]
[WhiteElo "2282"]
[BlackElo "2308"]

1.e4 c5 2.Nf3 e6 3.d4 cxd4 4.Nxd4 Nc6 5.Nc3 Qc7 6.Be2 a6 7.O-O Nf6 8.a3 Be7
9.Kh1 O-O 10.f4 d6 11.Be3 Bd7 12.Qe1 Nxd4 13.Bxd4 Bc6 14.Bd3 Rae8 15.Qg3 e5
16.fxe5 Nh5 17.Qh3 dxe5 18.Bxe5 Qxe5 19.Rf5 Ng3+ 20.hxg3 Qd4 21.Rh5 h6 22.Rd1 Qb6
23.e5 Qe3 24.Rf1 Bg5 25.Rf5 Rxe5 26.Rhxg5 Qc1+ 27.Bf1 hxg5 28.Kg1 Bd7 29.Rxe5 Bxh3
30.gxh3 Qxb2 31.Re3 Qb6 32.Nd5 Qc5 33.c4 Re8 34.Kf2 Rxe3 35.Nxe3 Qxa3 36.Bg2 Qb2+
37.Ke1 a5 38.Bd5 a4 39.Nd1 Qb4+  0-1

[Event "ITT Ricardo Lettieri"]
[Site "Pinamar ARG"]
[Date "2005.03.10"]
[Round "3"]
[White "Cubas,Jo"]
[Black "Bronstein,L"]
[Result "1-0"]
[WhiteElo "2401"]
[BlackElo "2357"]

1.e4 c5 2.Nf3 e6 3.d4 cxd4 4.Nxd4 Nc6 5.Nc3 Qc7 6.Be3 a6 7.Bd3 Nf6 8.O-O b5
9.Nxc6 Qxc6 10.a3 Bb7 11.Qe2 Be7 12.f3 Bc5 13.Kh1 Bxe3 14.Qxe3 d6 15.a4 bxa4
16.Rxa4 O-O 17.Rc4 Qd7 18.Qb6 Rfb8 19.Rb4 a5 20.Rb5 Qc6 21.Ra1 Nd7 22.Qd4 Ba6
23.Rbxa5 Nc5 24.Bxa6 Rxa6 25.Rxa6 Nxa6 26.Rd1 h6 27.Qxd6 Qxd6 28.Rxd6 Rxb2
29.Rxa6 Rxc2 30.Na2  1-0

[Event "ITT Ricardo Lettieri"]
[Site "Pinamar ARG"]
[Date "2005.03.10"]
[Round "3"]
[White "Rodi,L"]
[Black "Duarte,L"]
[Result "1-0"]
[WhiteElo "2258"]
[BlackElo "2252"]

1.e4 c5 2.Nc3 e6 3.Nf3 Nc6 4.d4 cxd4 5.Nxd4 Qc7 6.Ndb5 Qb8 7.Be3 a6 8.Bb6 axb5
9.Nxb5 Bb4+ 10.c3 Ba5 11.Nc7+ Qxc7 12.Bxc7 Bxc7 13.Qg4 g6 14.Bc4 Nge7 15.Qe2 O-O
16.O-O d5 17.Bd3 Bd7 18.a4 d4 19.f4 dxc3 20.bxc3 Ba5 21.Qb2 Bc8 22.Kh1 Bc7
23.Rf3 Ra5 24.Qf2 Rd8 25.g4 g5 26.e5 Ng6 27.Bxg6 hxg6 28.Rf1 Rf8 29.fxg5 Nxe5
30.Rh3 Bd7 31.Qf6 Bc6+ 32.Rff3 Bxf3+ 33.Kg1 Bb6+ 34.Kf1 Bg2+ 35.Kxg2  1-0

[Event "Acropolis GM Open"]
[Site "Athens GRE"]
[Date "2005.03.11"]
[Round "6"]
[White "Kotronias,V"]
[Black "Pelletier,Y"]
[Result "1/2-1/2"]
[WhiteElo "2585"]
[BlackElo "2604"]

1.e4 c5 2.Nf3 e6 3.d4 cxd4 4.Nxd4 Nc6 5.Nc3 Qc7 6.Be3 a6 7.Bd3 Nf6 8.O-O Nxd4
9.Bxd4 Bc5 10.Bxc5 Qxc5 11.Qd2 d6 12.Rae1 O-O 13.Kh1 e5 14.f4 Kh8 15.Nd5 Nxd5
16.exd5 Qxd5 17.fxe5 dxe5 18.Qc3 Bd7 19.Rxe5 Qd6 20.Qc5 Qxc5 21.Rxc5 Bc6
22.Re5 Rad8 23.Kg1 g6 24.Rf4 Kg7 25.Re7 Rd7 26.Rxd7 Bxd7 27.Rb4 Bc6 28.Rb6 a5
29.a3 f5 30.Kf2 Rf6 31.b4 axb4 32.axb4 Bd5 33.Rb5 Rd6 34.Rc5 Kf6 35.Rc7 h6
36.b5 b6 37.Rh7 h5 38.h4 Ke5 39.Re7+ Kd4 40.Kg3 Bc4 41.Rc7 Bxd3 42.cxd3 Ke5
43.Rc3 Rd5 44.Kf3 Rxb5 45.Rc6 Rb3 46.Rxg6 Rxd3+ 47.Kf2 b5 48.Rg5 Ke4 49.Rxh5 Rd2+
50.Kg3 b4 51.Rh8 f4+ 52.Kh3 Rd3+ 53.Kh2 b3 54.h5 Kf5 55.Rb8 Kg5 56.Rb4  1/2-1/2

[Event "Acropolis GM Open"]
[Site "Athens GRE"]
[Date "2005.03.11"]
[Round "6"]
[White "Inarkiev,E"]
[Black "Gershon,A"]
[Result "1-0"]
[WhiteElo "2602"]
[BlackElo "2533"]

1.e4 c5 2.Nf3 e6 3.Nc3 Nc6 4.d4 cxd4 5.Nxd4 Qc7 6.Be3 a6 7.Qd2 Nf6 8.O-O-O Bb4
9.f3 Ne5 10.Nb3 b5 11.Kb1 Be7 12.Qf2 d6 13.Bb6 Qb8 14.Bd4 O-O 15.g4 Nfd7
16.g5 Nc4 17.h4 a5 18.f4 a4 19.Nc1 Bb7 20.Nxb5 Nxb2 21.Bxb2 a3 22.Nxa3 Rxa3
23.Bb5 Nc5 24.Bxa3 Bxe4 25.Qe2 Bxh1 26.Rxh1 d5 27.Rh3 Qxf4 28.Bxc5 Bxc5 29.Nd3 Qd4
30.Nxc5 Qg1+ 31.Qf1 Qxc5 32.Rb3 Rc8 33.Bd3 Qa7 34.Qf4 Ra8 35.a3 g6 36.Ka2 Re8
37.Qe5 Rc8 38.Kb2 Ra8 39.Ka2 Rd8 40.Qb2 Qc7 41.Rb7 Qh2 42.Rxf7  1-0

[Event "Sozina Open"]
[Site "Bar SCG"]
[Date "2005.03.11"]
[Round "8"]
[White "Fedorchuk,S"]
[Black "Damljanovic,B"]
[Result "1/2-1/2"]
[WhiteElo "2570"]
[BlackElo "2587"]

1.e4 c5 2.Nf3 e6 3.d4 cxd4 4.Nxd4 Nc6 5.Nc3 Qc7 6.Be2 a6 7.O-O Nf6 8.Be3 Be7
9.f4 d6 10.Kh1 O-O 11.Qe1 Nxd4 12.Bxd4 b5 13.a3 Bb7 14.Qg3 Rae8 15.Rad1 Bc6
16.Bf3 g6 17.Rd3 Nd7 18.e5 dxe5 19.fxe5 Nb8 20.Qh3 Rd8 21.Qh6 Rxd4 22.Rxd4 Qxe5
23.Qd2 Be8 24.Re4 Qc7 25.a4 b4 26.Ne2 a5 27.c3 b3 28.Nc1 Nd7 29.Nxb3 Qb6
30.Nd4 Nc5 31.Re5 Nxa4 32.Rfe1 Bh4 33.R1e4 Bf6 34.Nxe6 fxe6 35.Rxe6 Qb5 36.Be2 Qd7
37.Rd6 Qf5 38.Rf4 Qe5 39.Bc4+ Kg7 40.Re6 Qc5 41.Rxe8 Rxe8 42.Qd7+ Re7 43.Qxa4 Re1+
44.Bf1 Qe3 45.Qc4 Qe6 46.Qxe6 Rxe6 47.Ra4 Bd8 48.g3 Re1 49.Kg2 Rb1 50.Ra2 Bb6
51.Bc4 h5 52.Kf3 Rc1 53.Bd3 Rd1 54.Be2 Rd2 55.h4 Kf6 56.c4 Bc7  1/2-1/2

[Event "FSIMB March"]
[Site "Budapest HUN"]
[Date "2005.03.11"]
[Round "7"]
[White "Horvath,An"]
[Black "Mamut,I"]
[Result "0-1"]
[WhiteElo "2330"]
[BlackElo "2266"]

1.e4 c5 2.Nf3 e6 3.d4 cxd4 4.Nxd4 Nc6 5.Nc3 d6 6.Bc4 Nf6 7.Be3 a6 8.Bb3 Qc7
9.Qe2 Na5 10.O-O b5 11.f3 Be7 12.Qf2 Rb8 13.Qg3 O-O 14.Rfd1 Nc4 15.Bxc4 Qxc4
16.a3 Bd7 17.Nb3 Rfc8 18.Rd3 Qc7 19.Rad1 a5 20.Bg5 b4 21.e5 Nh5 22.Qg4 Bxg5
23.Ne4 Bb5 24.Qxg5 Bxd3 25.cxd3 dxe5 26.Nbc5 Nf4 27.axb4 Rxb4 28.Nf6+ Kh8
29.Nfd7 Rxb2 30.Kh1 Rxg2 31.Qe7  0-1

[Event "ch-RUS u20"]
[Site "Nojabrsk RUS"]
[Date "2005.03.12"]
[Round "11"]
[White "Kurnosov,I"]
[Black "Popov,I RUS"]
[Result "1-0"]
[WhiteElo "2538"]
[BlackElo "2476"]

1.e4 c5 2.Nf3 e6 3.d4 cxd4 4.Nxd4 Nc6 5.Nc3 Qc7 6.f4 a6 7.Be3 b5 8.Be2 Bb7
9.Bf3 d6 10.f5 Nxd4 11.Qxd4 e5 12.Nd5 Qa5+ 13.Bd2 Qd8 14.Qd3 Nf6 15.Nxf6+ gxf6
16.a4 bxa4 17.Rxa4 Qd7 18.b3 Be7 19.O-O Bd8 20.Kh1 Ke7 21.Rd1 Bc7 22.Be3 Rhd8
23.c4 Qc6 24.Bf2 Bb6 25.Bh4 Qc5 26.Qd2 Qe3 27.Rb4 Bc6 28.Rxb6 Qxb6 29.Qh6 Kd7
30.Bxf6 Kc7 31.Bxd8+ Rxd8 32.Qxh7 Rd7 33.Rb1 Qf2 34.f6 Kb7 35.Qh6 Qc2 36.Qc1 Qxc1+
37.Rxc1 Rd8 38.g4 Rg8 39.h4 Kb6 40.Rd1 Kc5 41.Kh2 Bxe4 42.Bxe4 Rxg4 43.Bg2 Rxh4+
44.Kg3  1-0

[Event "ITT Ricardo Lettieri"]
[Site "Pinamar ARG"]
[Date "2005.03.12"]
[Round "5"]
[White "Cubas,Jo"]
[Black "Duarte,L"]
[Result "1/2-1/2"]
[WhiteElo "2401"]
[BlackElo "2252"]

1.e4 c5 2.Nf3 e6 3.d4 cxd4 4.Nxd4 Nc6 5.Nc3 Qc7 6.Be3 a6 7.Bd3 b5 8.Nxc6 Qxc6
9.e5 Qc7 10.f4 d5 11.exd6 Bxd6 12.O-O Bc5 13.Bxc5 Qxc5+ 14.Kh1 Nf6 15.Qf3 Rb8
16.Rae1 O-O 17.Qg3 Qc7 18.Qh4 b4 19.Nd1 Bb7 20.Re5 h6 21.Ne3 Rbd8 22.Ng4 Nxg4
23.Qxg4 Rd4 24.Qe2 Rd5 25.Qe4 f5 26.Qxb4 Rxe5 27.fxe5 Qc6 28.Rf2 Rd8 29.Qc4 Qb6
30.Rf1 Rd4 31.Qc3 Rg4 32.Rg1 Qf2 33.Bf1 Kh7 34.Qd3 Rh4 35.Be2 Rd4 36.Qc3 Rf4
37.Qg3 Qxg3 38.hxg3 Rf2  1/2-1/2

[Event "Tch-FIN 2004-5"]
[Site "Finland FIN"]
[Date "2005.03.13"]
[Round "9"]
[White "Nokso Koivisto,An"]
[Black "Leino,J"]
[Result "1/2-1/2"]
[WhiteElo "2219"]
[BlackElo "2191"]

1.e4 c5 2.Nf3 e6 3.d4 cxd4 4.Nxd4 Nc6 5.Nc3 a6 6.g3 d6 7.Bg2 Bd7 8.O-O Nf6
9.h3 Be7 10.Nde2 O-O 11.f4 b5 12.a3 h5 13.Kh1 Rb8 14.f5 Qc8 15.fxe6 Bxe6
16.Nf4 Ne5 17.Nxh5 Bxh3 18.Nxf6+ Bxf6 19.Nd5 Bd8 20.Bf4 Bg4 21.Qd2 Qe6 22.c3 Qg6
23.Kg1 Re8 24.b3 Rc8  1/2-1/2